|
|
|
|
| LEADER |
01646cas a2200241 a 4500 |
| 001 |
AALejournalIMF012297 |
| 008 |
230101c9999 xx r poo 0 0eng d |
| 020 |
|
|
|c 50.00 USD
|
| 020 |
|
|
|z 9781557758392
|
| 022 |
|
|
|a 0256-6877
|
| 040 |
|
|
|a BD-DhAAL
|c BD-DhAAL
|
| 110 |
2 |
|
|a International Monetary Fund.
|
| 245 |
1 |
0 |
|a World Economic Outlook, October 1999 :
|b Safeguarding Macroeconomci Stability at Low Inflation.
|
| 264 |
|
1 |
|a Washington, D.C. :
|b International Monetary Fund,
|c 1999.
|
| 300 |
|
|
|a 1 online resource (264 pages)
|
| 490 |
1 |
|
|a World Economic Outlook
|
| 500 |
|
|
|a <strong>Off-Campus Access:</strong> No User ID or Password Required
|
| 500 |
|
|
|a <strong>On-Campus Access:</strong> No User ID or Password Required
|
| 506 |
|
|
|a Electronic access restricted to authorized BRAC University faculty, staff and students
|
| 520 |
3 |
|
|a Supporting Studies for the World Economic Outlook, prepared by IMF staff, provide a more detailed analysis of issues recently covered in the main pubication. The current edition includes studies of globalization and growth, the future of the international financial system, currency crises, business cycles and exchange rates, supply-side issues in the contractions experienced in the Baltics, Russia, and other countries of the former Soviet Union, and challenges to European labor markets posed by European Economic and Monetary Union (EMU).
|
| 538 |
|
|
|a Mode of access: Internet
|
| 830 |
|
0 |
|a World Economic Outlook; World Economic Outlook ;
|v No. 1999/002
|
| 856 |
4 |
0 |
|z Full text available on IMF
|u http://elibrary.imf.org/view/books/081/08013-9781557758392-en/08013-9781557758392-en-book.xml
|z IMF e-Library
|